Research in library and information science / (Record no. 122715)
[ view plain ]
| 000 -LEADER | |
|---|---|
| fixed length control field | 00739nam a22002297a 4500 |
| 005 - DATE AND TIME OF LATEST TRANSACTION | |
| control field | 20170124105914.0 |
| 010 ## - LIBRARY OF CONGRESS CONTROL NUMBER | |
| LC control number | B-092510 |
| 020 ## - INTERNATIONAL STANDARD BOOK NUMBER | |
| Terms of availability | 425.00 |
| International Standard Book Number | 817000344 |
| 035 ## - SYSTEM CONTROL NUMBER | |
| System control number | B-092510 |
| 037 ## - SOURCE OF ACQUISITION | |
| Source of stock number/acquisition | Cen Lib/Ret |
| 040 ## - CATALOGING SOURCE | |
| Original cataloging agency | DPL |
| Language of cataloging | EN |
| 082 ## - DEWEY DECIMAL CLASSIFICATION NUMBER | |
| Classification number | 020.72 |
| Item number | RES |
| 245 ## - TITLE STATEMENT | |
| Title | Research in library and information science / |
| Statement of responsibility, etc | edited by G. Devarajan |
| 260 ## - PUBLICATION, DISTRIBUTION, ETC. (IMPRINT) | |
| Place of publication, distribution, etc | New Delhi |
| Name of publisher, distributor, etc | Ess Ess Publications |
| Date of publication, distribution, etc | 2002 |
| 270 ## - ADDRESS | |
| Address | 4837/24, Ansari Road, Dariya Ganj |
| City | New Delhi |
| Postal code | 110002 |
| 300 ## - PHYSICAL DESCRIPTION | |
| Extent | ii,169p. |
| Dimensions | 23cm(Hb) |
| 500 ## - GENERAL NOTE | |
| General note | Includes bibliographical reference and index |
| 650 ## - SUBJECT ADDED ENTRY--TOPICAL TERM | |
| Topical term or geographic name as entry element | Library Science |
| 9 (RLIN) | 105244 |
| 650 ## - SUBJECT ADDED ENTRY--TOPICAL TERM | |
| Topical term or geographic name as entry element | Research-Library Science |
| 9 (RLIN) | 105245 |
| 700 ## - ADDED ENTRY--PERSONAL NAME | |
| Personal name | Devarajan, G. |
| 9 (RLIN) | 92324 |
| 942 ## - ADDED ENTRY ELEMENTS (KOHA) | |
| Source of classification or shelving scheme | Dewey Decimal Classification |
| Koha item type | English Books |
| Classification part | 020.72 |
| Call number suffix | RES |
| Withdrawn status | Lost status | Damaged status | Not for loan | Collection code | Home library | Current library | Date acquired | Source of acquisition | Cost, normal purchase price | Total Checkouts | Full call number | Barcode | Date last seen | Copy number | Cost, replacement price | Price effective from | Koha item type | Date checked out |
|---|---|---|---|---|---|---|---|---|---|---|---|---|---|---|---|---|---|---|
| Not For Loan | Reference | Central Library | Central Library | 29/05/2015 | Cen Lib/Ret | 425.00 | 020.72 RES | B-092510 | 29/05/2015 | 1 | 425.00 | 15/09/2016 | English Books | |||||
| Central Library | Central Library | 16/07/2015 | Cen Lib/Ret | 0.00 | 1 | 020.72 RES | B-092509 | 22/11/2017 | 1 | 0.00 | 16/07/2015 | English Books | 07/11/2017 |
